Statistiques concernant Voitures Peugeot actuelles

Cliquez ici pour prendre le quiz!

Statistiques générales

  • Ce quiz a été pris 2 524 fois
    (2 244 depuis la dernière actualisation)
  • Le résultat moyen est 7 sur 11

Statistiques - réponses

Catégories de modèlesModèles% Correct
Citadine208
95%
Familiale / SUVSUV 3008
95%
Familiale / Berline / SW308
93%
SUV / FamilialeSUV 5008
90%
SUVSUV 2008
85%
Familiale / Berline / Sport / SW508
82%
Citadine108
70%
UtilitaireExpert
25%
FamilialeRifter
13%
SportHypercar 9x8
9%
FamilialeTraveller
5%

Distribution des résultats

Percentile par nombre de réponses

% des personnes avec chaque résultat

Votre développement - résultats

Vous n’avez pas pris ce quiz depuis la dernière actualisation